| 000 | 00666nam a2200217Ii 4500 | ||
|---|---|---|---|
| 003 | JO-AjNU | ||
| 008 | 230606s9999||||xx |||||||||||||| ||und|| | ||
| 020 | _a978-0-19-457213-2 | ||
| 040 |
_aJO-AjNU _beng _erda _cJO-AjNU |
||
| 041 | _aeng | ||
| 050 | 1 | 4 | _aHF5728 2010 |
| 100 | 3 |
_aAshley,A, _eauthor _92214 |
|
| 245 | 0 | 0 | _aOxford Hand Book of Commercial Correspondence |
| 250 | _a1 ed | ||
| 264 | 3 | 1 | _aOxford : Oxford University Press, 2010 |
| 300 |
_a304p _bIncludes glossary and indexes(p288-304) |
||
| 336 |
_atext _btxt _2rdacontent |
||
| 337 |
_aunmediated _bn _2rdamedia |
||
| 338 |
_avolume _bnc _2rdacarrier |
||
| 650 | 4 |
_aCommercial Correspondence _92215 |
|
| 999 |
_aE1160 _c1160 _d1160 |
||